Культурно-досуговая деятельность: теория и практика организации: учебное пособие

Dettagli Bibliografici
Autore principale: Аванесова Г. А. Галина Алексеевна
Riassunto:Учебное пособие предназначено для профессиональной подготовки специалистов в области культурного менеджмента (организаторов шоу-бизнеса, экономистов сферы досуга, руководителей оздоровительных центров, учреждений искусства), сервиса, туризма, гостеприимства. Предмет «Культурно-досуговая деятельность» включен в перечень обязательных общепрофессиональных дисциплин федерального компонента. В пособии рассмотрены научно-теоретические представления о культурно-досуговой деятельности, дан ее анализ как общественного и культурного явления, как разновидности экономической практики и бизнеса (сфера социокультурных услуг). Представлен анализ культурного менеджмента, способов организации и технологий обслуживания потребителей в важнейших сегментах досуга (в музыкальной индустрии, производстве теле- и радиопередач, искусстве, спорте, игровой активности, туризме), а также в индустрии развлечений (в игровом и шоу-бизнесе). Для подготовки специалистов в области сервиса, туризма, гостеприимства, о также студентов высших учебных заведений, обучающихся по специальности «Социально-культурный сервис и туризм».
Lingua:russo
Pubblicazione: Москва, Аспект-Пресс, 2006
Soggetti:
Natura: MixedMaterials Libro
KOHA link:https://koha.lib.tpu.ru/cgi-bin/koha/opac-detail.pl?biblionumber=103034

MARC

LEADER 00000nam0a2200000 4500
001 103034
005 20231101214448.0
010 |a 5756704248 
035 |a (RuTPU)RU\TPU\book\111089 
090 |a 103034 
100 |a 20061011d2006 m y0rusy50 ca 
101 0 |a rus 
102 |a RU 
105 |a y j 001zy 
200 1 |a Культурно-досуговая деятельность: теория и практика организации  |e учебное пособие  |f Г. А. Аванесова 
210 |a Москва  |c Аспект-Пресс  |d 2006 
215 |a 236 с. 
320 |a Библиография в конце глав. 
330 |a Учебное пособие предназначено для профессиональной подготовки специалистов в области культурного менеджмента (организаторов шоу-бизнеса, экономистов сферы досуга, руководителей оздоровительных центров, учреждений искусства), сервиса, туризма, гостеприимства. Предмет «Культурно-досуговая деятельность» включен в перечень обязательных общепрофессиональных дисциплин федерального компонента. В пособии рассмотрены научно-теоретические представления о культурно-досуговой деятельности, дан ее анализ как общественного и культурного явления, как разновидности экономической практики и бизнеса (сфера социокультурных услуг). Представлен анализ культурного менеджмента, способов организации и технологий обслуживания потребителей в важнейших сегментах досуга (в музыкальной индустрии, производстве теле- и радиопередач, искусстве, спорте, игровой активности, туризме), а также в индустрии развлечений (в игровом и шоу-бизнесе). Для подготовки специалистов в области сервиса, туризма, гостеприимства, о также студентов высших учебных заведений, обучающихся по специальности «Социально-культурный сервис и туризм». 
606 1 |a Культурно-досуговая деятельность  |x Экономика  |2 stltpush  |3 (RuTPU)RU\TPU\subj\65842  |9 82194 
610 1 |a экономика 
610 1 |a менеджмент 
610 1 |a теория 
610 1 |a практика 
610 1 |a шоу-бизнес 
610 1 |a досуг 
610 1 |a досуговая деятельность 
610 1 |a Россия 
610 1 |a туризм 
610 1 |a музейное дело 
610 1 |a фестивали 
610 1 |a конкурсы 
610 1 |a учебные пособия 
686 |a У9(2)49я73  |v LBC/SL-A  |2 rubbk 
700 1 |a Аванесова  |b Г. А.  |g Галина Алексеевна 
801 1 |a RU  |b 63413507  |c 20061011  |g PSBO 
801 2 |a RU  |b 63413507  |c 20140115  |g PSBO 
900 |a Анимационные услуги в экскурсионно-туристической деятельности 
900 |a Культурно-досуговая деятельность 
900 |a Сервисная деятельность 
942 |c BK 
951 |b 100202  |b 100103 
959 |a 87/20060921  |d 2  |e 0  |f АНЛ:1  |f ЧЗГЛ:1 
959 |a 47/20070604  |d 1  |e 138,60  |f ЧЗГЛ:1 
959 |a 81/20101108  |d 5  |e 0  |f Ф_ТПУ_Новокузнецк:5